01053nas a2200277Ia 4500001002300000003001000023008004100033040002500074041001300099100002300112210001300135222001300148245003300161250001100194260000900205501012300214300001200337362003000349500013400379650003100513700001100544942000700555957000600562999003200568952017500600dd13-1945 [d000002043]IT-MiCISF161014c99999999xx |||||||||||| ||und|| aIT-MiCISFcIT-MiCISF aITALIANO aDal Mas Francesco  aAvvenire aAvvenire 0aSe l'amore finisce a 60 anni a1a ed. c1994 bCISF - Centro Internazionale Studi Famiglia - Via Giotto, 36 20145 MILANO (non commercial uses only)cCopyright 2016 app. 2-3 a n. 146, 16 giugno [1994] aMuraro G., Mariani A., Sisti R., Pozzoli D., Chessa Ognibene F., Pietroboni P. Tema: coppia-anziana, separazione, coppia-in-crisi aFAMIGLIA - coppiavdossier aAA.VV. cCR 71 a1945bSig1c219060d219060 0010406DD_131945_D00000204371aCISFbCISFd2016-10-14l0odd13-1945 [d000002043]r2016-10-14 00:00:00w2016-10-14yCRzData import 15.10.2016 / by Epidotti, Vaglietti